Prudencia, moralidad y el dilema del prisionero
में बचाया:
| मुख्य लेखक: | |
|---|---|
| स्वरूप: | पुस्तक |
| भाषा: | स्पेनिश |
| प्रकाशित: |
Madrid
universidad Complutense
1991
|
| श्रृंखला: | Colección Excerpta Philosophica, 2
|
| विषय: | |
| टैग: |
टैग जोड़ें
कोई टैग नहीं, इस रिकॉर्ड को टैग करने वाले पहले व्यक्ति बनें!
|
MARC
| LEADER | 00000nam a2200000 a 4500 | ||
|---|---|---|---|
| 001 | UCP2523 | ||
| 003 | CL-VaPUC | ||
| 008 | 990520e19910000SP |||||||||||||||||spa|d | ||
| 082 | 0 | 4 | |a 170 |b PAR |2 21 |
| 100 | |a Parfit, Derek |e autor |9 429302 | ||
| 245 | 1 | 0 | |a Prudencia, moralidad y el dilema del prisionero |
| 300 | |a 45 p | ||
| 942 | |c BK | ||
| 945 | |d 19990520 00:00:00 |a rbrito | ||
| 260 | |a Madrid |b universidad Complutense |c 1991 | ||
| 650 | 0 | |a Ética |9 255099 | |
| 650 | 0 | |a Filosofía moral |9 310115 | |
| 583 | |a last modification |c 19990520 00:00:00 |k Rodrigo Vera | ||
| 490 | 0 | |a Colección Excerpta Philosophica, 2 | |
| 999 | |c 281043 |d 281041 | ||
| 952 | |0 0 |1 0 |4 0 |6 170_000000000000000_PAR_1991 |7 0 |8 A |9 321655 |a BIBEDU |b BIBEDU |d 2019-11-20 |i 3510026 |o 170 PAR 1991 |p 3510026 |r 2019-11-20 |w 2019-11-20 |y BK |k FIL | ||